La revolución industrial (1760-1830) /

Guardado en:
Autor Principal: Ashton, T S
Formato: Libro
Publicado: México : Fondo de cultura económica, 1970
Materias:
Etiquetas: Agregar Etiqueta
Sin Etiquetas, Sea el primero en etiquetar este registro!
LEADER 00482nam a22001695a 4500
001 CEM.cems000724
005 20060210000000.0
008 130507s1970##################000#0#####d
003 CEMS
082 0 4 |a 940.26 
100 1 |a Ashton, T S 
245 1 0 |a La revolución industrial (1760-1830) / 
260 |a México :  |b Fondo de cultura económica,  |c 1970 
300 |a 171 p. 
653 |a Historia 
653 |a Revolucion industrial 
859 |a CEMS  |b BIB. CEMS - 11 de abril  |h 940.26  |i As39  |p 2921.74  |t Ej.1